Detalles MARC
| 000 -LIDER |
| fixed length control field |
03162nam a2200301 a 4500 |
| 001 - NÚMERO DE CONTROL |
| Identificador de número de control |
000003364 |
| 003 - IDENTIFICACDOR DE NÚMERO DE CONTROL |
| control field |
OSt |
| 005 - DATE AND TIME OF LATEST TRANSACTION |
| control field |
20230718135721.0 |
| 008 - ELEMENTOS DE LONGITUD FIJA |
| fixed length control field |
090708s2008 dr c 001 0 spa d |
| 020 ## - ISBN |
| International Standard Book Number |
9789945162677 |
| 040 ## - FUENTE DE CATALOGACIÓN |
| Agencia que crea de manera original el registro |
DO-SdBNP |
| Idioma de catalogación |
spa |
| Agencia que realiza la transcripción |
BPMSU |
| 082 #4 - NÚMERO DE CLASIFICACIÓN DECIMAL DE DEWEY |
| Classification number |
972.9304 |
| Item number |
B742M 2008 |
| Edition number |
22 |
| 100 1# - ASIENTO PRINCIPAL -- NOMBRE PERSONAL |
| Nombre personal |
Méndez Jiminián, Jesús |
| 245 13 - MENCIÓN DE TITULO |
| Título |
La guerra de la restauración de Juan Bosch / |
| Mención de responsabilidad |
Jesús Méndez Jiminián. |
| 260 ## - PUBLICACIÓN, DISTRIBUCIÓN, ETC. (PIE DE IMPRENTA) |
| Lugar de publicación, distribución, etc |
Santo Domingo : |
| Nombre del editor, distribuidor, etc. |
Editora Búho, |
| Fecha de publicación, distribución, etc |
2008. |
| 300 ## - DESCRIPCIÓN FÍSICA |
| Extensión |
135 p. : |
| Otros detalles físicos |
ils., retr. ; |
| Dimensiones |
24 cm. |
| 500 ## - NOTA GENERAL |
| Nota general |
"Homenaje al profesor Juan Bosch en el centenario de su natalicio y a los 25 restauradores hechos prisioneros, y que fueron fusilados en la isla de Vieques, Puerto Rico, entre diciembre de 1864 y marzo de 1865". |
| 500 ## - NOTA GENERAL |
| Nota general |
Incluye referencias bibliográficas y notas al pie de las páginas. |
| 500 ## - NOTA GENERAL |
| Nota general |
|
| 504 ## - NOTA DE BIBLIOGRAFÍA, ETC. |
| Bibliography, etc |
Bibliografía : p: 133-135. |
| 505 0# - NOTA DE CONTENIDO |
| Información miscelánea |
Prólogo -- |
| Título |
La Guerra de la Restauración de Juan Bosch -- |
| -- |
La revolución de julio de 1857 o de los comerciantes del Cibao -- |
| -- |
La rivalidad entre Santana y Báez -- |
| -- |
Los primeros pasos de Santana para lograr la anexión -- |
| -- |
Los primeros levantamientos armados contra la anexión -- |
| -- |
Otras oposiciones de la anexión -- |
| -- |
La renuncia de Santana -- |
| -- |
La crisis nos arropa a todos -- |
| -- |
El levantamiento de Santiago -- |
| -- |
El alcalde de Sabaneta se va a Haití a pedir ayuda para luchar contra la anexión -- |
| -- |
Los primeros disparos de la Guerra Restauradora -- |
| -- |
Los movimientos de antesala -- |
| -- |
Los primeros disparos -- |
| -- |
La Restauración : una verdadera guerra de liberación nacional y social como dice Bosch -- |
| -- |
Ceferina Chavés : la salvación de Buceta -- |
| -- |
El incendio de Santiago de los Caballeros -- |
| -- |
Santiago arde por las cuatro esquinas -- |
| -- |
El comercio de Santiago (1863) y otros datos -- |
| -- |
El retiro de las tropas de Santiago -- |
| -- |
El Acta de Independencia de 1863 o Acta de Restauración de la República -- |
| -- |
Gaspar Polanco: el gran jefe militar restaurador -- |
| -- |
El carácter popular de la Guerra de Restauración -- |
| -- |
Santana condenado a muerte -- |
| -- |
¿Cómo vestían los soldados restauradores ? -- |
| -- |
¿Qué comían? -- |
| -- |
La Guerra Restauradora en el este y en el sur -- |
| -- |
Santana entra en conflictos con las autoridades españolas y hasta con un subalterno -- |
| -- |
La muerte de Santana y su importancia política -- |
| -- |
Las negociaciones para un acuerdo de paz -- |
| -- |
El costo económico, social y político de la Guerra Restauradora -- |
| -- |
La población del país -- |
| -- |
Sobre la producción del país -- |
| -- |
La situación política del país con la anexión -- |
| -- |
Lo humillante de la derrota para España -- |
| -- |
Sobre los prisioneros de la Guerra de la Restauración -- |
| -- |
La acciones de Capote y Pulgarín -- |
| -- |
Lista de prisioneros de guerra dominicanos que murieron en el fortín Conde de Mirasol de Vieques, Puerto Rico (1864-1865) -- |
| -- |
Anexos -- |
| -- |
Bibliografía consultada. |
| 590 ## - NOTA LOCAL |
| Enlace |
Inventariado, 2023/VM |
| 600 14 - ENCABEZAMIENTO DE MATERIA--NOMBRE PERSONAL |
| Nombre personal |
Bosch, Juan, |
| Fechas asociadas con el nombre |
1909-2001 |
| Subdivisión temática general |
Crítica e interpretación |
| 651 #4 - ENCABEZAMIENTO DE MATERIA--NOMBRE GEOGRÁFICO |
| Nombre geográfico |
República Dominicana |
| Subdivisión temática general |
Historia |
| Subdivisión cronológica |
Restauración 1863-1865 |
| 651 #4 - ENCABEZAMIENTO DE MATERIA--NOMBRE GEOGRÁFICO |
| Nombre geográfico |
República Dominicana |
| Subdivisión temática general |
Política y gobierno |
| 910 ## - VALIDACIÓN |
| Validación |
VMateo V. Control de calidad. BPMSU |
| 942 ## - ADDED ENTRY ELEMENTS (KOHA) |
| Source of classification or shelving scheme |
Dewey Decimal Classification |
| Koha item type |
Libros |